Harness : a novel /

Bibliographic Details
Main Author: Gibbs, A. Hamilton (Arthur Hamilton), 1888-1964
Format: Book
Language:English
Published: Boston : Little, Brown, and company, 1928.

MARC

Tag First Indicator Second Indicator Subfields
LEADER 00000cam a2200000 4500
001 in00000024381
005 20151007062337.0
008 760802s1928 mau 00011 eng
010 |a  28023111  
035 |a (OCoLC)02349220 
035 |9 AAD4616AM 
040 |a DLC  |c RRR  |d TXA  |d UtOrBLW 
049 |a TXAM  |c [157530] 
050 0 0 |a PZ3.G3532  |b Har 
090 |a PR6013.I25  |b H27 1928 
092 |a 813  |b G442h 
100 1 |a Gibbs, A. Hamilton  |q (Arthur Hamilton),  |d 1888-1964. 
245 1 0 |a Harness :  |b a novel /  |c by A. Hamilton Gibbs. 
264 1 |a Boston :  |b Little, Brown, and company,  |c 1928. 
300 |a 3 pages ., 3-320 pages ;  |c 20 cm. 
336 |a text  |b txt  |2 rdacontent 
337 |a unmediated  |b n  |2 rdamedia 
338 |a volume  |b nc  |2 rdacarrier 
999 |a MARS 
999 f f |s c1e20d2a-5de5-3cfe-8ea4-cc7d220f30fc  |i d81955f8-225d-3ee4-97b8-3d5558c6a9b7  |t 0 
952 f f |p ric  |a Texas A&M University  |b Rellis Campus  |c Joint Library Facility  |d Remote Storage  |t 0  |e PR6013.I25 H27 1928  |h Library of Congress classification  |i unmediated -- volume  |m A14801238255 
998 f f |a PR6013.I25 H27 1928  |t 0  |l Remote Storage